| 000 | 00568nam a2200229 a 4500 | ||
|---|---|---|---|
| 999 |
_c6554 _d6554 |
||
| 001 | 6554 | ||
| 003 | BD-JhCC | ||
| 005 | 20180125100643.0 | ||
| 008 | 180125s1957 e a|||| || | 000 0 eng d | ||
| 035 | _a(BD-JhCC)6554 | ||
| 040 |
_aBD-JhCC _dBD-JhCC |
||
| 041 | _aeng | ||
| 082 |
_a823.914 _bMAY 1957 |
||
| 100 | _aMayne, William | ||
| 245 |
_aA Swarm in May / _cWilliam Mayne, |
||
| 260 |
_aLondon : _bOxford University Press, _c1957 |
||
| 300 |
_a199 p. : _c22 cm. |
||
| 650 | _aBee Culture | ||
| 650 | _aEnglish Fiction | ||
| 942 |
_2ddc _cBK |
||